000 00301nam a2200109Ia 4500
008 171211s9999 xx 000 0 und d
245 4 _aThe Intelligent Web
245 _cGautam Shroff
260 _c2013
650 _xINFORMATION TECHNOLOGIES
856 _uhttp://down.ebook777.com/063/9780199646715.pdf
999 _c349718
_d349718